Statistics for Team Fortress 2 Weapons

Click here to take the quiz!

General Stats

  • This quiz has been taken 62 times
  • The average score is 126 of 207

Answer Stats

Weapon% Correct
Pistol
98%
Bat
95%
Scattergun
95%
Back Scatter
93%
Bonk! Atomic Punch
90%
Bonk! Crit-a-Cola
90%
Force-A-Nature
90%
Rocket Launcher
88%
Mad Milk
85%
Pretty Boy's Pocket Pistol
85%
Sandman
85%
Soda Popper
85%
Atomizer
83%
Flamethrower
83%
Shortstop
83%
Shotgun
83%
Baby Face's Blaster
78%
Wrap Assassin
78%
Boston Basher
76%
C.A.P.P.E.R
76%
Direct Hit
76%
Fire Axe
76%
Flare Gun
76%
Frying Pan
76%
Liberty Launcher
76%
Original
76%
Winger
76%
Wrench
76%
Medigun
73%
Minigun
73%
Sun-on-a-Stick
73%
Black Box
71%
Detonator
71%
Flying Guillotine
71%
Grenade Launcher
71%
Lugermorph
71%
Market Gardener
71%
Natascha
71%
Panic Attack
71%
Rocket Jumper
71%
Tomislav
71%
Air Strike
68%
Backburner
68%
B.A.S.E Jumper
68%
Batsaber
68%
Bottle
68%
Butterfly Knife
68%
Destruction PDA
68%
Disciplinary Action
68%
Dragon's Fury
68%
Eureka Effect
68%
Fists
68%
Iron Bomber
68%
Loose Cannon
68%
Sandvich
68%
Scorch Shot
68%
Shovel
68%
Sniper Rifle
68%
Submachine Gun
68%
Ambassador
66%
Bonesaw
66%
Brass Beast
66%
Buff Banner
66%
Construction PDA
66%
Degreaser
66%
Diamondback
66%
Kukri
66%
Mutated Milk
66%
Phlogistinator
66%
Razorback
66%
Revolver
66%
Sapper
66%
Syringe Gun
66%
Your Eternal Reward
66%
Battalion's Backup
63%
Candy Cane
63%
Cow Mangler 5000
63%
Eyelander
63%
Half-Zatoichi
63%
Huntsman
63%
Jag
63%
Jarate
63%
Killing Gloves of Boxing
63%
Mantreads
63%
Quick-Fix
63%
Reserve Shooter
63%
Scottish Resistance
63%
Splendid Screen
63%
Stickybomb Launcher
63%
Sticky Jumper
63%
Übersaw
63%
Vaccinator
63%
Widowmaker
63%
Wrangler
63%
Bazaar Bargain
61%
Black Rose
61%
Concheror
61%
Equalizer
61%
Escape Plan
61%
Family Business
61%
Gas Passer
61%
Gloves of Running Urgently
61%
Golden Frying Pan
61%
Golden Wrench
61%
Gunboats
61%
Gunslinger
61%
Iron Curtain
61%
Loch-n-Load
61%
Pain Train
61%
Pomson 6000
61%
Saxxy
61%
Southern Hospitality
61%
Three-Rune Blade
61%
Tide Turner
61%
AWPer Hand
59%
Chargin' Targe
59%
Crusader's Crossbow
59%
Darwin's Danger Shield
59%
Dead Ringer
59%
Fan O'War
59%
Frontier Justice
59%
Machina
59%
Powerjack
59%
Red-Tape Recorder
59%
Short Circuit
59%
Sydney Sleeper
59%
Vita-Saw
59%
Axtinguisher
56%
Beggar's Bazooka
56%
Blutsauger
56%
Bushwacka
56%
Cleaner's Carbine
56%
Cloak and Dagger
56%
Conniver's Kunai
56%
Disguise Kit
56%
Enforcer
56%
Eviction Notice
56%
Hitman's Heatmaker
56%
Holy Mackerel
56%
Homewrecker
56%
Hot Hand
56%
Kritzkrieg
56%
Manmelter
56%
Quickiebomb Launcher
56%
Rainblower
56%
Scottish Handshake
56%
Second Banana
56%
Thermal Thruster
56%
Tribalman's Shiv
56%
Ali Baba's Wee Booties
54%
Amputator
54%
Big Earner
54%
Cozy Camper
54%
Fists of Steel
54%
Fortified Compound
54%
Huo-Long Heater
54%
Persian Persuader
54%
Postal Pummeler
54%
Rescue Ranger
54%
Spy-cicle
54%
Ap-Sap
51%
Back Scratcher
51%
Bootlegger
51%
Classic
51%
Ham Shank
51%
Shooting Star
51%
Solemn Vow
51%
Warrior's Spirit
51%
Buffalo Steak Sandvich
49%
Dalokoh's Bar
49%
Fishcake
49%
Freedom Staff
49%
L'Etranger
49%
Lollichop
49%
Memory Maker
49%
Neon Annihilator
49%
Nostromo Napalmer
49%
Overdose
49%
Righteous Bison
49%
Sharp Dresser
49%
Sharpened Volcano Fragment
49%
Third Degree
49%
Big Kill
46%
Holiday Punch
46%
Horseless Headless Horsemann's Headtaker
46%
Maul
46%
Nessie's Nine Iron
46%
Robo-Sandvich
46%
Shahanshah
46%
Wanga Prick
46%
Bat Outta Hell
44%
Bread Bite
41%
Giger Counter
41%
Necro Smasher
41%
Ullapool Caber
41%
Conscientious Objector
39%
Invisibility Watch
39%
Self-Aware Beauty Mark
39%
Unarmed Combat
39%
Apoco-Fists
37%
Crossing Guard
37%
Claidheamh Mòr
34%
Prinny Machete
34%
Snack Attack
32%
Quäckenbirdt
29%
Scotsman's Skullcutter
29%
Enthusiast's Timepiece
27%

Score Distribution

Percentile by Number Answered

Percent of People with Each Score

Your Score History

You have not taken this quiz